| 000 | 00722cas a2200157 4500 | ||
|---|---|---|---|
| 008 | 170428n eng u | ||
| 022 | _a00425206 | ||
| 035 | _a(Sirsi) a202663 | ||
| 050 | _ahttp://www.jstor.org/subject/britstud | ||
| 245 | _aVictorian Poetry | ||
| 260 | _aJSTOR | ||
| 310 | _aQuarterly | ||
| 362 | _aVol. 1 , No. 1 , 1963 - Vol. 49 , No. 4 , 2011 | ||
| 520 | _aVictorian Poetry examines the poetry of the Victorian Period (1830-1914) from a broad range of theoretical/critical angles, including but not confined to new historicism, feminism, and social/cultural issues, and focuses on poets of all classes and genders in Britain and the Commonwealth. | ||
| 650 | _aBritish Studies | ||
| 999 |
_c5886 _d5886 |
||